Statistics for Města Českého Slezska nad 5 000

Click here to take the quiz!

General Stats

  • This quiz has been taken 21 times
  • The average score is 16 of 24

Answer Stats

PořadíPočet obyvatelMěsto% Correct
454 188Frýdek-Místek
100%
550 172Karviná
100%
355 512Opava
100%
1283 504Ostrava
100%
270 245Havířov
93%
823 487Český Těšín
87%
922 848Krnov
87%
634 306Třinec
87%
1113 506Hlučín
80%
727 966Orlová
80%
1020 643Bohumín
73%
187 336Vratimov
73%
139 890Frýdlant nad Ostravicí
60%
1210 665Jeseník
60%
177 388Petřvald
60%
157 713Rychvald
60%
196 624Kravaře
53%
206 553Šenov
53%
245 292Jablunkov
47%
167 424Odry
40%
225 545Fulnek
33%
149 326Studénka
33%
215 670Vítkov
20%
235 490Hradec nad Moravicí
13%

Score Distribution

Percentile by Number Answered

Percent of People with Each Score

Your Score History

You have not taken this quiz